Fortunate Son, by CCR Lyrics - Statistics

General Stats
  • This quiz has been taken 40 times
  • The average score is 156 of 201
Answer Stats
Answer % Correct
a
100%
I
100%
me
97%
son
97%
fortunate
95%
to
95%
no
92%
ain't
89%
are
89%
in
89%
It
89%
it
89%
born
87%
folks
87%
Some
87%
some
87%
the
87%
and
84%
And
84%
when
84%
blue
79%
flag
79%
one
79%
red
79%
white
79%
spoon
76%
hand
74%
silver
74%
we
74%
senator's
71%
they
71%
you
71%
made
68%
Ooh
63%
wave
63%
chief"
61%
"Hail
61%
them
58%
come
55%
"How
55%
like
53%
ask
50%
"More
50%
more
50%
more"
50%
plays
50%
taxman
50%
band
47%
help
47%
should
47%
war
47%
answer
45%
at
45%
But
45%
military
45%
much
45%
point
45%
give"
42%
lord
42%
Lord
42%
only
42%
star
42%
cannon
39%
don't
39%
themselves
39%
yeah
39%
Yeah
39%
door
37%
down
37%
rummage
37%
sale
37%
millionaire's
34%
send
34%
spangled
34%
eyes
32%
house
32%
they're
32%
lookin'
29%
inherit
26%
No matching quizzes found
Score Distribution
Percent of People with Each Score
Percentile by Number Answered
Your Score History
You have not taken this quiz